000 00687nam a2200205 a 4500
008 120416s1974 ||||||||||||||||| || u
020 _a0470181397
050 _aQD 921 Cox
100 _aCox, K. G. (Keith Gordon)
245 1 3 _aAn introduction to the practical study of crystals, minerals and rocks
260 _aLondon
_bMcGraw-Hill
_c1974
300 _av, 245p. : ill.
350 _a0.00
650 _aCRYSTALLOGRAPHY
650 _aPETROLOGY
650 _aPACIFIC STUDIES
650 _aMINERALOGY
700 _aHarte, Ben
995 _D0.00
_FCBU-MAIN LIBRARY (Kitwe)
_H1
_I5.00
_UAVAILABLE
_ZAnnex Low-Usage Collection
999 _c48052
_d48052